Normal view
MARC view
- فن الكتابة-الكتابة الأدبية-الإبداع -الأعمال الأدبية
Entry Topical Term
001 - CONTROL NUMBER
- control field: 63628
003 - CONTROL NUMBER IDENTIFIER
- control field: JO-AjAnu
005 - DATE AND TIME OF LATEST TRANSACTION
- control field: 20230606084402.0
008 - FIXED-LENGTH DATA ELEMENTS
- fixed length control field: 230606|| aca||aabn | a|a d
040 ## - CATALOGING SOURCE
- Original cataloging agency: JO-AjAnu
- Transcribing agency: JO-AjAnu
150 ## - HEADING--TOPICAL TERM
- Topical term or geographic name entry element: فن الكتابة-الكتابة الأدبية-الإبداع -الأعمال الأدبية
670 ## - SOURCE DATA FOUND
- Source citation: Work cat.: (JO-AjAnu)32440: الطوالبة، مطر محمود, author 63627, أسرار الكتاب الإبداعية الكاتب الأتيري حجي جابر نموذجا